Регионална библиотека "Любен Каравелов" - Русе

Мария Антоанета (Запис номер 61386)

MARC детайли
000 -Лидер
Контролно поле с фиксирана дължина nam a22 a 4500
003 - Код на организацията, давaща контролен номер
Контролно поле BLK
005 - Дата и час на последна редакция
Контролно поле 20230413111602.0
008 - Елементи от данни с фиксирана дължина
fixed length control field 180408b bul|||||r ||||||| ||bul||
010 ## - Наследен системен номер
LC control number KNG00065588000
020 ## - Международен стандартен номер на книга ISBN
Международен стандартен номер на книга ISBN 954-07-0126-0
040 ## - Източник на каталожния запис
Идентификатор на билиотеката - собственик на записа BLK
041 ## - Код за език
Код за езика на текст/звукозапис или на отделно заглавие Български
Код за езика КДБФ Български
080 ## - УДК
Текстов определител УДК Английска литература
УДК код - определител по УДК 821.111
УДК определител -94
УДК - код + определител 821.111-94
080 ## - УДК
Текстов определител УДК История на Франция
УДК код - определител по УДК 944
УДК определител (092)
УДК - код + определител 944(092)
080 ## - УДК
Текстов определител УДК Мария Антония Йозефа Йохана фон Хабсбург-Лотарингия. Френска кралица
УДК код - определител по УДК 929 Мария-Антоанета
УДК - код + определител 929 Мария-Антоанета
100 1# - Редна дума - Автор
Автор Хаслип, Джоун
Авторска отговорност първи автор
R(LIN) 136474
139 ## - Редно поле
Редна дума Хаслип, Джоун
Авторски знак Хас - Х 30
245 10 - Сведения за заглавието
Заглавие Мария Антоанета
Редно поле (дума) Джоун Хаслип; прев. от англ. Сия Минкова.
257 ## - Страна на издаване
Страна на създаване/издаване Великобритания
260 ## - Област на издателските данни
Място на издаване, разпространение и проч. София
Име на издателя, разпространителя и проч. Унив. изд. Св. Климент Охридски
Година на издаване 1992
300 ## - Физическа характеристика
Страници 272 с., 8 л.
Илюстрации и др. ил., портр.
Размери/Мащаб 24 см
380 ## - Жанр
Жанр Худож. лит.
500 ## - Общи забележки
Забележка Ориг. загл. Marie Antoinette / Joan Haslip. - Именен показалец.
600 14 - Име на лице, използвано като предмет
За него / За нея Мария-Антоанета
9 (RLIN) 290416
700 1# - Други автори (авторска отговорност)
Лично име Минкова, Сия
Автороска отговорност (Описва отношението между автора и произведението) прев. от англ.
9 (RLIN) 244663
852 ## - Местоположение
Форматна сигнатура Цб 173050
Фондова буква Хранилище
856 4# - Електронен адрес и достъп
Електронен формат pdf - файл
Инструкция (цена за достъп) 0.00
Права за достъп disable
856 4# - Електронен адрес и достъп
Електронен формат pdf - файл
Инструкция (цена за достъп) 0.00
Права за достъп disable
999 ## - СИСТЕМНИ КОНТРОЛНИ НОМЕРА
Koha biblionumber 61386
Koha biblioitemnumber 61386
942 ## - АРТИКУЛИ
Вид на библиотечния материал Книги
Скрит в OPAC Не
Периодичен библиозапис Да
944 ## - СЪЗДАВАНЕ И РЕДАКЦИЯ на ЗАПИСА
Създаване/Редакция Създаване
Дата на регистрацията/редакция 31.01.2017
Служител, извършил регистрацията/редакцията Кети_Илиева
944 ## - СЪЗДАВАНЕ И РЕДАКЦИЯ на ЗАПИСА
Създаване/Редакция Редакция
Дата на регистрацията/редакция 31.01.2017
Служител, извършил регистрацията/редакцията Кети_Илиева
999 ## - СИСТЕМНИ КОНТРОЛНИ НОМЕРА
Koha biblioitemnumber 61386
Наличности
Код за отписване Код за изгубен артикул Източник на класификационната схема Код за повреда Коз за рестрикции Код за отдаване Артикулен № Име на библиотеката - собственик Име на библиотеката, в която се намира в момента Статус (Текущо местоположение) Дата на вписване в системата Местоположение - отдел Цена в лева Инвентарен номер Систематично азбучна сигнатура Баркод Номер на екземпляра Цена в евро Служебна бележка Служебен тип на артикула
  Не е изгубен Universal Decimal Classification Не е повреден без рестрикции ползва се в читалня 101673 Регионална библиотека "Любен Каравелов" Русе Регионална библиотека "Любен Каравелов" Русе Хранилище 1992-01-01 Хранилище 1.75 579114 Цб 173050 120000579114 1 0.89 Вид: Сф Дата: 01.01.1992 Книги
Изтеглен Не е изгубен Universal Decimal Classification Не е повреден без рестрикции заемане за дома 101674 Регионална библиотека "Любен Каравелов" Русе Регионална библиотека "Любен Каравелов" Русе Заемна - подръчен фонд 1992-01-01 Заемна - подръчен фонд 3.49 580941 П 820-31/Х 30 580941 2 1.78 Вид: Сф Дата: 01.01.1992 Дата инв: 21.03.2018 Бележки инв: П2018 Книги
Vip Innovations Ltd, Rousse, Bulgaria 2025